Construcción de antenas de TV / (Record no. 136578)

MARC details
000 -LEADER
campo de control de longitud fija 00642nam a2200205 4500
001 - NÚMERO DE CONTROL
campo de control 136578
003 - IDENTIFICADOR DE NÚMERO DE CONTROL
campo de control ES-MaACL
005 - FECHA Y HORA DE LA ÚLTIMA TRANSACCIÓN
campo de control 20230906195154.0
007 - CAMPO FIJO DE DESCRIPCIÓN FÍSICA--INFORMACIÓN GENERAL
campo de control de longitud fija t|
008 - DATOS DE LONGITUD FIJA--INFORMACIÓN GENERAL
campo de control de longitud fija 070214s1969 sp r ||||1| spa d
100 1# - ENTRADA PRINCIPAL--NOMBRE DE PERSONA
Nombre de persona Rydstroem, F.
9 (RLIN) 101109
245 10 - MENCIÓN DEL TÍTULO
Título Construcción de antenas de TV /
Mención de responsabilidad, etc. F. Rydstroem, O. Engelstoft, J. Fialla ; traducción de Daniel Santano y León.
260 ## - PUBLICACIÓN, DISTRIBUCIÓN, ETC.
Lugar de publicación, distribución, etc. Madrid :
Nombre del editor, distribuidor, etc. Paraninfo,
Fecha de publicación, distribución, etc. 1969.
300 ## - DESCRIPCIÓN FÍSICA
Extensión 147 p. :
Otras características físicas il. ;
Dimensiones 22 cm.
700 1# - ENTRADA AGREGADA--NOMBRE PERSONAL
Nombre de persona Engelstoft, O.
9 (RLIN) 47228
700 1# - ENTRADA AGREGADA--NOMBRE PERSONAL
Nombre de persona Fialla, J.
9 (RLIN) 50668
700 1# - ENTRADA AGREGADA--NOMBRE PERSONAL
Nombre de persona Santano y León, Daniel.
9 (RLIN) 181683
852 ## - LOCALIZACIÓN
Ubicación ES-MaACL
Número de control de estantería C-46988
Sublocalización o colección R.68704
Holdings
Estatus retirado Estado de pérdida Estado de daño No para préstamo Biblioteca de origen Biblioteca actual Ubicación en estantería Fecha de adquisición Fuente de adquisición Total de préstamos Signatura topográfica completa Código de barras Visto por última vez Precio de reemplazo Tipo de ítem Koha
        Biblioteca del Ateneo de Madrid Biblioteca del Ateneo de Madrid Depósito 2 17/01/2008     C-46988 1142140 23/02/2023 23/02/2023 Libro impreso